Artichoke extract as corrosion inhibitor for carbon steel in acid media
The aim of this investigation is to examine the inhibitory effect of artichoke extract toward the corrosion of carbon steel corrosion in 0.5 M sulfuric acid solution. Potentiodynamic polarization and crhonoamperometry techniques were used in this work to evaluate the inhibition efficiency of the pro...
Elmentve itt :
| Szerzők: | |
|---|---|
| Testületi szerző: | |
| Dokumentumtípus: | Könyv része |
| Megjelent: |
2020
|
| Sorozat: | Proceedings of the International Symposium on Analytical and Environmental Problems
26 |
| Kulcsszavak: | Kémia |
| Tárgyszavak: | |
| Online Access: | http://acta.bibl.u-szeged.hu/73972 |
| LEADER | 01366naa a2200253 i 4500 | ||
|---|---|---|---|
| 001 | acta73972 | ||
| 005 | 20220808153919.0 | ||
| 008 | 211117s2020 hu o 1|| eng d | ||
| 020 | |a 978-963-306-771-0 | ||
| 040 | |a SZTE Egyetemi Kiadványok Repozitórium |b hun | ||
| 041 | |a eng | ||
| 100 | 1 | |a Dan Mircea Laurentiu | |
| 245 | 1 | 0 | |a Artichoke extract as corrosion inhibitor for carbon steel in acid media |h [elektronikus dokumentum] / |c Dan Mircea Laurentiu |
| 260 | |c 2020 | ||
| 300 | |a 123 | ||
| 490 | 0 | |a Proceedings of the International Symposium on Analytical and Environmental Problems |v 26 | |
| 520 | 3 | |a The aim of this investigation is to examine the inhibitory effect of artichoke extract toward the corrosion of carbon steel corrosion in 0.5 M sulfuric acid solution. Potentiodynamic polarization and crhonoamperometry techniques were used in this work to evaluate the inhibition efficiency of the proposed inhibitor in acid solution. Also, Tafel method for the kinetic parameters determination. | |
| 650 | 4 | |a Természettudományok | |
| 650 | 4 | |a Kémiai tudományok | |
| 695 | |a Kémia | ||
| 700 | 0 | 1 | |a Faur Alin |e aut |
| 700 | 0 | 1 | |a Vaszilcsin Cristian George |e aut |
| 710 | |a International Symposium on Analytical and Environmental Problems (26.) (2020) (Szeged) | ||
| 856 | 4 | 0 | |u http://acta.bibl.u-szeged.hu/73972/1/proceedings_of_isaep_2020_123.pdf |z Dokumentum-elérés |